000 00396nam a22001457a 4500
999 _c7670
_d7668
005 20210319110655.0
008 210319b ||||| |||| 00| 0 eng d
082 _a346.066
100 _aAIYAR, A.N.
_96466
245 _aCOMPANY CASES THE CORPORATE LAW WEEKLY [VOL-153]
260 _aCHENNAI
_bCOMPANY LAW INSTITUTE OF INDIA
_c2010
300 _ai-xxxvi;740,p
650 _aLAW
_95701
942 _cJRL